书目信息 |
| 题名: |
党政班子
|
|
| 作者: | 洪放 著 | |
| 分册: | ||
| 出版信息: | 汕头 汕头大学出版社 2012.05 |
|
| 页数: | 311页 | |
| 开本: | 20cm | |
| 丛书名: | ||
| 单 册: | ||
| 中图分类: | I247.5 | |
| 科图分类: | ||
| 主题词: | 小说--中国 | |
| 电子资源: | ||
| ISBN: | 978-7-5658-0671-1 | |
| 000 | 00523nam0 2200181 450 | |
| 001 | 1230323018 | |
| 005 | 20130425113052.03 | |
| 010 | @a978-7-5658-0671-1@dCNY36.80 | |
| 100 | @a20121113d2012 km y0chiy0120 ea | |
| 101 | 0 | @achi |
| 200 | 1 | @a党政班子@Adang zheng ban zi@f洪放著@Fhong fang zhu |
| 210 | @a汕头@c汕头大学出版社@d2012.05 | |
| 215 | @a311页@d20cm | |
| 606 | 0 | @a小说@x中国 |
| 690 | @aI247.5@v4 | |
| 701 | 0 | @a洪放@Ahong fang@4著 |
| 801 | 0 | @aCN@b大连网信软件有限公司图书馆·11@c20130425 |
| 905 | @aZUCC@dI247.5@eH4034 | |
| 党政班子/洪放著.-汕头:汕头大学出版社,2012.05 |
| 311页;20cm |
| ISBN 978-7-5658-0671-1:CNY36.80 |
| ● |
| 相关链接 |
|
|
|
正题名:党政班子
索取号:I247.5/H4034
 
预约/预借
| 序号 | 登录号 | 条形码 | 馆藏地/架位号 | 状态 | 备注 |
| 1 | 475772 | 204757726 | 文学库108/ [索取号:I247.5/H4034] | 在馆 | |
| 2 | 476271 | 204762710 | 文学库108/108文学库 30排1列1层/ [索取号:I247.5/H4034] | 在馆 |